000 01378 a2200229 4500
001 49824
005 20260407155759.0
008 260407a2001 arg spa d
003 AR-UNSa-BCEJYS
040 _aAR-UNSa-BCEJYS
_bspa
_cAR-UNSa-BCEJYS
080 _a658.16
_xReorganización financiera (Proyectos de inversión)
245 1 0 _aEvaluación de proyectos de inversión en la empresa
020 _a978-987-9460-19-1
264 1 _aBuenos Aires :
_bPrentice Hall
_c2001
300 _a412 P.
_c23 cm.
505 _a1. Proyectos en empresas en marcha – 2. Comportamientos del mercado: marco económico y predictivo – 3. Costos relevantes en proyectos de cambio – 4. Efectos tributarios de un proyecto sobre la empresa – 5. Costo e inversiones – 6. Cálculo de beneficios del proyecto – 7. ¿Cómo construir los flujos de caja de proyecto – 8. Cálculo y análisis de la viabilidad económica - 9. Evaluación de inversiones ante incertidumbre – 10. Cálculo de la tasa de costo de capital – 11. Análisis optimizante del proyecto – 12. Outsourcing, reemplazo, ampliación, abandono e internalización - 13. Estudio de casos.
041 _aspa
942 _cBK
590 _aniveau_biblio:m niveau_hierar:0
100 1 _aSapag Chain, Nassir
856 4 1 _uhttps://www.biblioeco.unsa.edu.ar/pmb/images/libros/L128202.jpg
_yImagen de portada
_qimage/jpeg
999 _c4895
_d4895